000 00502nam a2200181Ia 4500
999 _c33872
_d33872
003 OSt
005 20200903125719.0
008 190216s9999||||xx |||||||||||||| ||und||
020 _a9788173196317
040 _coclc
082 _a530.15
_bPAN/C
100 _aPanat, P V
_94411
245 0 _aClassical Mechanics /
_cP V Panat
260 _bNarosa Publishing House,
_c2005.
_aNew Delhi:
300 _a306p
650 _aPhysics
942 _cBK
_2ddc
_h530.15
_iPAN/C
_k530.15
_mPAN/C